Statistiques concernant Liste de pays par taux d'emploi

Cliquez ici pour prendre le quiz!

Statistiques générales

  • Ce quiz a été pris 68 fois
  • Le résultat moyen est 17 sur 20

Statistiques - réponses

HintRéponse% Correct
63,8France
98%
68,1Etats-Unis
95%
79,8Suisse
95%
73,8Allemagne
92%
68,7Finlande
92%
75,2Norvège
92%
72,3Canada
91%
74,8Suède
91%
72,7Japon
89%
73,1Pays-Bas
89%
71,6Australie
86%
72,8Danemark
83%
81,6Islande
83%
71,1Autriche
80%
74,2Nouvelle-Zélande
80%
71,9Royaume-Uni
80%
65,3Corée du Sud
78%
66,6Luxembourg
77%
62,6Portugal
53%
69République Tchèque
30%

Distribution des résultats

Percentile par nombre de réponses

% des personnes avec chaque résultat

Votre développement - résultats

Vous n’avez pas pris ce quiz